| 000 | 00624 a2200181 4500 | ||
|---|---|---|---|
| 999 |
_c6162 _d6162 |
||
| 020 | _a0198327552 | ||
| 050 | _aTS1540 HOL 1987 | ||
| 100 |
_aHolland, Stephanie K. _eauthor |
||
| 245 |
_aAll about fabrics : _ban introduction to needlecraft / _cStephanie K. Holland |
||
| 250 | _aGCSE edition | ||
| 264 |
_aOxford : _bOxford University Press, _c1987. |
||
| 300 |
_a224 pages : _billustrations ; 25 cm |
||
| 500 | _aPrevious edition: 1985. Includes index. | ||
| 650 | _aTextile fibers. | ||
| 650 | _aTextile fabrics. | ||
| 650 | _aTextile fibres & fabrics - For schools | ||
| 942 |
_2lcc _cBK _eGCSE edition _h1540 _iHOL _kTS |
||